[Event "TUR-chT2"]
[White "Aydin, Asiye Gul"]
[Black "Iyigun, Levent Burak"]
[Site "Konya"]
[Round "4.17"]
[Result "0-1"]
[Date "2017.07.11"]
[WhiteElo "1282"]
[BlackElo "1470"]
[PlyCount "158"]
[EventDate "2017.07.09"]
[EventType "team-swiss"]
[EventRounds "9"]
[EventCountry "TUR"]
[SourceTitle "CBM 179 Extra"]
[Source "ChessBase"]
[SourceDate "2017.08.23"]
[SourceVersion "1"]
[SourceVersionDate "2017.08.23"]
[SourceQuality "1"]
[WhiteTeam "Genclik VE"]
[BlackTeam "Genclik Giresun"]
[WhiteTeamCountry "TUR"]
[BlackTeamCountry "TUR"]

1. Nf3 d5 2. g3 c5 3. Bg2 Nc6 4. 0-0 e5 5. d3 Be6 6. Nbd2 Nf6 7. c3 Qc7 8. Qc2 Bd6 9. a3 h6 10. Re1 Rc8 11. e4 d4 12. c4 0-0 13. b3 a5 14. Rb1 Qd7 15. Kh1 Bh3 16. Kg1 Nh7 17. Nf1 f6 18. Qe2 Bg4 19. Qc2 Ng5 20. Nxg5 fxg5 21. Nd2 Rf7 22. f3 Bh3 23. Qd1 Rcf8 24. Rf1 Ne7 25. Qe2 Ng6 26. Bxh3 Qxh3 27. Qg2 Qe6 28. Rb2 Be7 29. Nb1 h5 30. h3 h4 31. g4 Qf6 32. Re2 Qc6 33. a4 Qc7 34. Na3 Rf4 35. Bxf4 Nxf4 36. Qh2 Nxd3 37. Nb5 Qd7 38. Rd2 Nf4 39. Rdf2 Bd6 40. Qh1 Rd8 41. Kh2 Qf7 42. Kg1 Bb8 43. Qh2 d3 44. Nc3 Qg6 45. Nd5 Qe6 46. Nxf4 exf4 47. Qg2 Qb6 48. Rb2 Be5 49. Rff2 Bxb2 50. Rxb2 Qd6 51. Qd2 Qd4+ 52. Kg2 b6 53. Rb1 Qe3 54. Rd1 Kf7 55. Qe1 Ke6 56. Qd2 Qxd2+ 57. Rxd2 Ke5 58. Kf2 Kd4 59. Rd1 Kc3 60. Ke1 Kc2 61. Rd2+ Kxb3 62. e5 Kxc4 63. Rb2 Re8 64. Rxb6 Rxe5+ 65. Kd1 Kc3 66. Rd6 Re2 67. Rd5 c4 68. Rxa5 Rg2 69. Re5 Rg1+ 70. Re1 Rxe1+ 71. Kxe1 Kc2 72. a5 d2+ 73. Kf2 d1Q 74. a6 Kd3 75. a7 Qa4 76. Kf1 Qxa7 77. Kg2 Ke2 78. Kh1 Kf1 79. Kh2 Qg1# 0-1

[Event "TUR-chT2"]
[White "Iyigun, Levent Burak"]
[Black "Ozkale, Can Barkin"]
[Site "Konya"]
[Round "2.15"]
[Result "0-1"]
[Date "2017.07.10"]
[WhiteElo "1470"]
[BlackElo "1765"]
[PlyCount "55"]
[EventDate "2017.07.09"]
[EventType "team-swiss"]
[EventRounds "9"]
[EventCountry "TUR"]
[SourceTitle "CBM 179 Extra"]
[Source "ChessBase"]
[SourceDate "2017.08.23"]
[SourceVersion "1"]
[SourceVersionDate "2017.08.23"]
[SourceQuality "1"]
[WhiteTeam "Genclik Giresun"]
[BlackTeam "Hamle Adana"]
[WhiteTeamCountry "TUR"]
[BlackTeamCountry "TUR"]

1. e4 e6 2. d4 d5 3. exd5 exd5 4. Nf3 Bd6 5. Bd3 Nf6 6. Be3 0-0 7. 0-0 Bg4 8. Nbd2 c6 9. c3 Qc7 10. Qc2 Nbd7 11. h3 Bh5 12. Nh4 Rfe8 13. Rfe1 c5 14. dxc5 Bxc5 15. Ndf3 Bxe3 16. fxe3 Nc5 17. Rad1 Nce4 18. g4 Bg6 19. Nxg6 hxg6 20. Qg2 a6 21. Bb1 Rad8 22. Nd2 Nxd2 23. Rxd2 Re5 24. Rde2 Ne4 25. Bxe4 dxe4 26. Rd2 Red5 27. Rd4 f5 28. Red1 0-1

[Event "TUR-chT2"]
[White "Iyigun, Levent Burak"]
[Black "Caglar, Izzet"]
[Site "Konya"]
[Round "1"]
[Result "0-1"]
[Date "2017.07.09"]
[WhiteElo "1470"]
[BlackElo "1602"]
[PlyCount "58"]
[EventDate "2017.07.09"]
[EventType "team-swiss"]
[EventRounds "9"]
[EventCountry "TUR"]
[SourceTitle "CBM 179 Extra"]
[Source "ChessBase"]
[SourceDate "2017.08.23"]
[SourceVersion "1"]
[SourceVersionDate "2017.08.23"]
[SourceQuality "1"]
[WhiteTeam "Genclik Giresun"]
[BlackTeam "Buyuk Ustalar"]
[WhiteTeamCountry "TUR"]
[BlackTeamCountry "TUR"]

1. e4 c5 2. c3 e5 3. Nf3 Nc6 4. d4 cxd4 5. cxd4 exd4 6. Nxd4 Nf6 7. Nc3 Bb4 8. f3 d5 9. Nxc6 bxc6 10. Qd4 Qe7 11. Bd2 0-0 12. Bd3 Bb7 13. 0-0-0 c5 14. Qf2 d4 15. Ne2 Bxd2+ 16. Rxd2 Qe6 17. b3 Ba6 18. Nf4 Qb6 19. Rc2 Bxd3 20. Nxd3 Rfc8 21. Ne5 a5 22. Nc4 Qe6 23. Kd2 a4 24. Rb1 Rcb8 25. Qf1 axb3 26. Rxb3 Rxb3 27. axb3 Nd7 28. Kd3 Ne5+ 29. Nxe5 Qxb3+ 0-1